Emerging drugs and targets for Alzheimer's disease / (رقم التسجيلة. 21835)

تفاصيل مارك
000 -الفاتح
حقل البيانات ثابتة الطول 01600cam a22004217a 4500
001 - رقم الضبط
رقم الضبط 16722104
003 - محدد رقم الضبط
رقم الضبط OSt
005 - وقت وتاريخ اخر تعامل مع التسجيلة
رقم الضبط 20150408114018.0
008 - عناصر البيانات ثابتة الطول - معلومات عامة
حقل البيانات ثابتة الطول 110405m20109999enka b 001 0 eng d
010 ## - رقم ضبط مكتبة الكونجرس
رقم ضبط مكتبة الكونجرس 2011286414
015 ## - رقم الببليوجرافية الوطنية
رقم الببليوجرافية الوطنية GBB034225
المصدر bnb
016 7# - رقم ضبط الوكاله الوطنية للضبط الببليوجرافي
رقم ضبط التسجيلة 015500500
المصدر Uk
020 ## - الرقم الدولى المعيارى للكتب
الرقم الدولى المعيارى للكتاب 9781849730457 (set)
020 ## - الرقم الدولى المعيارى للكتب
الرقم الدولى المعيارى للكتاب 1849730458 (set)
020 ## - الرقم الدولى المعيارى للكتب
الرقم الدولى المعيارى للكتاب 1849730636 (v. 1)
020 ## - الرقم الدولى المعيارى للكتب
الرقم الدولى المعيارى للكتاب 1849730644 (v. 2)
020 ## - الرقم الدولى المعيارى للكتب
الرقم الدولى المعيارى للكتاب 9781849730631 (v. 1)
020 ## - الرقم الدولى المعيارى للكتب
الرقم الدولى المعيارى للكتاب 9781849730648 (v. 2)
035 ## - رقم ضبط النظام
رقم ضبط النظام (OCoLC)ocn640075039
040 ## - مصدر الفهرسة
وكالة الفهرسة الأصلية UKM
وكالة النسخ UKM
وكالة التعديل YDXCP
-- GZQ
-- DLC
042 ## - رمز التحقق
رمز التحقق ukblsr
-- lccopycat
050 00 - رقم طلب مكتبة الكونجرس
رقم التصنيف RC523
رقم المادة .E44 2010
082 04 - رقم تصنيف ديوى العشرى
رقم التصنيف 616.831061
رقم الطبعة 22
245 00 - بيان العنوان
العنوان Emerging drugs and targets for Alzheimer's disease /
بيان المسئوليه,etc edited by Ana Martinez.
260 ## - PUBLICATION, DISTRIBUTION, ETC. (IMPRINT)
مكان الناشر او الموزع Cambridge :
اسم الناشر او الموزع Royal Society of Chemistry,
تاريخ النشر أو التوزيع c2010.
300 ## - الوصف المادى
التعداد 2 v. :
تفاصيل ماديه اخرى للوعاء ill. ;
أبعاد الوعاء 25 cm.
490 0# - بيان السلسلة
عنوان السلسلة RSC drug discovery series,
الرقم الدولى المعيارى للدوريات 2041-3203 ;
رقم المجلد/ التعيين التسلسلي no. 2-3
504 ## - تبصرة ببليوجرافية
تبصرة ببليوجرافية,الخ Includes bibliographical references and index.
505 0# - تبصرة محتويات-الفهرس
تبصرة المحتويات المصاغة v. 1. Beta-amyloid, tau protein and glucose metabolism -- v. 2. Neuronal plasticity, neuronal protection and other miscellaneous strategies.
650 #0 - المدخل الاضافى بالموضوع-مصطلح موضوعى
مصطلح موضوعي أو اسم جغرافي كعنصر مدخل Alzheimer's disease
التقسيم الفرعي العام Chemotherapy.
9 (RLIN) 11887
650 #0 - المدخل الاضافى بالموضوع-مصطلح موضوعى
مصطلح موضوعي أو اسم جغرافي كعنصر مدخل Drug targeting.
9 (RLIN) 11888
700 1# - المدخل الاضافى - اسم شخصى
الإسم الشخصى Martínez, Ana,
التواريخ المصاحبة للاسم 1961-
9 (RLIN) 11889
710 2# - المدخل الاضافى - اسم هيئه
اسم الهيئة أو اسم السلطة كمدخل Royal Society of Chemistry (Great Britain)
9 (RLIN) 10425
830 #0 - المدخل الاضافى بالسلسلة -عنوان موحد
عنوان موحد RSC drug discovery series ;
رقم المجلد/ التعيين التسلسلي 2.
9 (RLIN) 11890
830 #0 - المدخل الاضافى بالسلسلة -عنوان موحد
عنوان موحد RSC drug discovery series ;
رقم المجلد/ التعيين التسلسلي 3.
9 (RLIN) 11891
942 ## - عناصر المدخل الإضافي( كوها)
مصدر التصنيف او مخطط الترفيف Dewey Decimal Classification
Koha [default] item type كتاب
المقتنيات
حالة الفقد نموذج السعر الفعال حالة تلف ليس للاعارة رقم الطلب تاريخ الاكتساب الموقع الحالي الباركود الفرع الرئيسي Date last seen نوع المادة فى نظام كوها مصدر التصنيف او خطة الترفيف Total Checkouts
  2013-03-10     616.831061 E M D 2012-04-23 مكتبة كلية التمريض - طالبات (CNF) 00085347 مكتبة كلية التمريض - طالبات (CNF) 2013-03-10 كتاب Dewey Decimal Classification  
  2013-03-10     616.831061 E M D 2012-04-23 مكتبة كلية التمريض - طالبات (CNF) 00085348 مكتبة كلية التمريض - طالبات (CNF) 2013-03-10 كتاب Dewey Decimal Classification